00249nam a2200109Ia 4500008004100000082001500041100001800056245003300074260000900107300001100116600001200127250526s9999 xx 000 0 und d a954.02 MAJ aMajumdar R.C. 3aAn advabced history of india c1946 a1122p. aHistory